| 000 | 00000nam##2200000za#4500 |
| 001 | 9.606554 |
| 003 | CaOODSP |
| 005 | 20210624212702 |
| 007 | cr ||||||||||| |
| 008 | 150406|1995||||xxc|||||o f|0| 0 fre|d |
| 040 | |aCaOODSP|bfre |
| 043 | |an-cn--- |
| 086 | 1 |aLU2-153/201-1995F-PDF |
| 110 | 1 |aCanada.|bDéveloppement des ressources humaines Canada. |bAssurance-chômage. |
| 245 | 10|aEntreprises, industries et interfinancement : |h[ressource électronique]|bprofils de la répartition des prestations et des cotisations d'assurance-chômage / |cpar Miles Corak et Wendy Pyper. |
| 260 | |aOttawa - Ontario : |bDéveloppement des ressources humaines Canada. |cMars 1995. |
| 300 | |a35p.|bfigures, tableaux |
| 490 | 1 |aSérie d'évaluations de l'assurance-chômage |
| 500 | |a«Incidence de l'assurance-chômage sur le comportement des employeurs» |
| 504 | |aBibliographie. |
| 590 | |a14-03-Supp|b2014-01-17 |
| 775 | 08|tFirms, industries and cross-subsidies : |w(CaOODSP)9.578700 |
| 776 | 0#|tEntreprises, industries et interfinancement : |w(CaOODSP)9.623738 |
| 830 | #0|aSérie d'évaluations de l'assurance-chômage.|w(CaOODSP)9.503822 |
| 856 | 40|ahttp://publications.gc.ca|qPDF|s473 Ko|uhttps://publications.gc.ca/collections/collection_2014/rhdcc-hrsdc/LU2-153-201-1995-fra.pdf |
| 986 | |aIN-AH-201F-03-95 |